Psalms / (Record no. 9100)

MARC details
000 -LEADER
fixed length control field 01011cam a22003014a 4500
001 - CONTROL NUMBER
control field 65201351
003 - CONTROL NUMBER IDENTIFIER
control field OCoLC
005 - DATE AND TIME OF LATEST TRANSACTION
control field 20241126110705.0
008 - FIXED-LENGTH DATA ELEMENTS--GENERAL INFORMATION
fixed length control field 060321m20069999miua b 001 0 eng
010 ## -
-- 2006009724
020 ## - INTERNATIONAL STANDARD BOOK NUMBER
International Standard Book Number 0801027039 (pbk.)
020 ## - INTERNATIONAL STANDARD BOOK NUMBER
International Standard Book Number 9780801027031 (pbk.)
024 3# -
-- 9780801027031
040 ## - CATALOGING SOURCE
Original cataloging agency DLC
Transcribing agency DLC
Modifying agency BAKER
-- C#P
-- BSC
042 ## -
-- pcc
082 ## - DEWEY DECIMAL CLASSIFICATION NUMBER
Classification number 221.7
Item number BAK
092 ## - LOCALLY ASSIGNED DEWEY CALL NUMBER (OCLC)
Classification number 223.2077
Item number G619p
100 1# - MAIN ENTRY--PERSONAL NAME
Personal name Goldingay, John.
9 (RLIN) 7397
245 10 - TITLE STATEMENT
Title Psalms /
Statement of responsibility, etc. John Goldingay.
260 ## - PUBLICATION, DISTRIBUTION, ETC.
Place of publication, distribution, etc. Grand Rapids, Mich. :
Name of publisher, distributor, etc. Baker Academic,
Date of publication, distribution, etc. c2006-
300 ## - PHYSICAL DESCRIPTION
Extent v. :
Other physical details ill. ;
Dimensions 24 cm.
440 #0 - SERIES STATEMENT/ADDED ENTRY--TITLE
Title Baker commentary on the Old Testament wisdom and Psalms
9 (RLIN) 15563
504 ## - BIBLIOGRAPHY, ETC. NOTE
Bibliography, etc. note Includes bibliographical references and indexes.
505 1# - FORMATTED CONTENTS NOTE
Formatted contents note v. 1. Psalms 1-41. -- v. 2. Psalms 42-89. -- v. 3. Psalms 90-150.
630 00 - SUBJECT ADDED ENTRY--UNIFORM TITLE
Uniform title Bible.
Name of part/section of a work O.T.
-- Psalms
Form subdivision Commentaries.
9 (RLIN) 15865
856 41 - ELECTRONIC LOCATION AND ACCESS
Materials specified Table of contents only
Uniform Resource Identifier <a href="http://www.loc.gov/catdir/toc/ecip0611/2006009724.html">http://www.loc.gov/catdir/toc/ecip0611/2006009724.html</a>
942 ## - ADDED ENTRY ELEMENTS (KOHA)
Source of classification or shelving scheme Dewey Decimal Classification
Koha item type Reference Books
Holdings
Withdrawn status Lost status Source of classification or shelving scheme Damaged status Not for loan Home library Current Library Shelving location Date acquired Total checkouts Full call number Barcode Date last seen Copy number Price effective from Koha item type
    Dewey Decimal Classification     GRACE BIBLE COLLEGE GRACE BIBLE COLLEGE Commentary 2022-04-11   221.7 BAK 015498 2025-05-01 v.1 2022-04-11 Reference Books
    Dewey Decimal Classification     GRACE BIBLE COLLEGE GRACE BIBLE COLLEGE Commentary 2022-04-11   221.7 BAK 015499 2025-05-01 v.3 2022-04-11 Reference Books
© Grace Bible College Library 2025